Volcanic Hotspots - Statistics

General Stats
  • This quiz has been taken 7 times
  • The average score is 7 of 66
Answer Stats
Answer % Correct
Yellowstone
83%
Azores
50%
Cameroon
50%
Canary
50%
Iceland
50%
Hawaiian
33%
Madeira
33%
Reunion
33%
Afar
17%
Anahim
17%
Arago
17%
Bermuda
17%
Cape Verde
17%
Darfur
17%
East Australia
17%
Easter
17%
Eifel
17%
Etna
17%
Hainan Dao
17%
Hoggar
17%
Jan Mayen
17%
North Austral
17%
Socorro
17%
St Helena
17%
Tibesti
17%
Amsterdam-St Paul
0%
Ascension
0%
Balleny
0%
Borneo East
0%
Bouvet
0%
Bowie
0%
Caroline
0%
Chersky
0%
Cobb
0%
Comores
0%
Crough
0%
Crozet
0%
Discovery
0%
Erebus
0%
Fernando de Noronha
0%
Foundation
0%
Galapagos
0%
Gough
0%
Guadalupe
0%
Jeju
0%
Juan Fernandez
0%
Kerguelen
0%
Lord Howe
0%
Louisville
0%
Macdonald
0%
Maria
0%
Marion
0%
Marquesas
0%
New England
0%
Pitcairn
0%
Raton
0%
Sajan
0%
Samoan
0%
San Felix
0%
Shona Rise
0%
Sierra Leone
0%
Tahiti
0%
Tasmantid
0%
Trindade
0%
Tristan da Cunha
0%
Vema
0%
No matching quizzes found
Score Distribution
Percent of People with Each Score
Percentile by Number Answered
Your Score History
You have not taken this quiz